000 00688nam a22002177a 4500
999 _c18451
_d18451
003 AR-CdUCM
008 190502b ||||| |||| 00| 0 spa d
040 _aMUNICIPALIDAD PROVINCIAL DEL CUSCO
_cBIBLIOTECA MUNICIPAL DEL CUSCO
082 _a510 /
_bC95
100 _aCrowhurst, Norman H.
_935634
245 _aCurso básico de matemáticas /
260 _aBuenos Aires :
_bGlem,
_c1966.
300 _a137 paginas ;
_bDiagramas,
_c23 cm.
505 _aContenido :Curso de matemáticas -- Álgebra -- Ejercicios...
650 _aAlgebra
_920185
650 _aTrigonométrica
_939058
650 _aCalculos
_939059
650 _aEjercicios
_919599
942 _2ddc
_cLIBROS
945 _arcc